000 02473cam a2200385 i 4500
001 17559962
005 20230306094517.0
008 121211s2013 nyua b 001 0 eng c
010 _a 2012049570
020 _a9781137331755 (hardback)
040 _aNIC/DLC
_beng
_cNIC
_erda
_dDLC
042 _apcc
043 _aa------
050 0 0 _aHC412
_b.D475 2013
082 0 0 _a338.95,DEV
_223
245 0 0 _aDevelopment strategies, identities, and conflict in Asia /
_cedited by William Ascher and Natalia Mirovitskaya.
264 1 _aNew York, NY :
_bPalgrave Macmillan,
_c2013.
300 _axiv, 347 pages :
_billustrations ;
_c23 cm.
336 _atext
_2rdacontent
337 _aunmediated
_2rdamedia
338 _avolume
_2rdacarrier
490 0 _aPolitics, economics, and inclusive development
505 0 _aWar, peace and many shades in between: Asia in the new millennium (Page-1), The nexus of economic strategies and intergroup violence (Page-47),Tribal participation in India's Maoist insurgency: examining the role of economic development policies (Page-99), Intra-state conflicts and development strategies: the Baloch insurgency in Pakistan (Page-125),Development strategies, religious relations, and communal violence in Central Sulawesi, Indonesia: a cautionary tale (Page-153),Exploring the relationship between development and conflict: the Malaysian experience (Page-183),Official development assistance (ODA) and conflict: a case study on Japanese ODA to Vietnam (Page-209),Socioeconomic change, intra-ethnic competition and political salience of ethnic identities: the cases of Turkey and Uzbekistan (Page-241),Local vs. transcendent insurgencies: why economic aid helps lower violence in Dagestan, but not in Kabardino-Balkaria (Page-277),The conflict-development nexus in Asia: policy approaches (Page-315).
520 _cProvided by publisher.
650 0 _aEconomic development
_zAsia.
_9109761
650 0 _aViolence
_xEconomic aspects
_zAsia.
_9109762
650 0 _aEthnic conflict
_xEconomic aspects
_zAsia.
_9109763
650 0 _aSocial conflict
_xEconomic aspects
_zAsia.
_9109764
651 0 _aAsia
_xEconomic policy.
_9109765
700 1 _aAscher, William,
_eeditor of compilation.
_9109766
700 1 _aMirovit︠s︡kai︠a︡, N. S.
_q(Natalii︠a︡ Sergeevna),
_eeditor of compilation.
_9109767
906 _a7
_bcbc
_corignew
_d1
_eecip
_f20
_gy-gencatlg
942 _2ddc
_cBK
999 _c593517
_d593517